| 000 | nam a22 7a 4500 | ||
|---|---|---|---|
| 999 |
_c7152 _d7152 |
||
| 003 | OSt | ||
| 005 | 20180717135828.0 | ||
| 008 | 180717s2018 sp |||| |||||0|1 0 spa|d | ||
| 017 |
_aDL M 15726-2018 _bOficina DL Madrid |
||
| 020 | _a9788416842285 | ||
| 040 |
_aES-BaUAO _bcat _cCDMR |
||
| 100 | 1 |
_aBalcarce, Luis, _eautor |
|
| 245 | 1 | 0 |
_aPrisa _b: liquidación de existencias / _cLuis Balcarce ; prólogo de Raúl del Pozo |
| 260 |
_aTres Cantos, Madrid : _bEdiciones Akal, _c2018 |
||
| 300 |
_a517 p. ; _c22 cm |
||
| 490 | 1 |
_aFoca investigación; _v161 |
|
| 504 | _aReferències bibliogràfiques. Índex | ||
| 610 | 2 | 0 |
_aGrupo Prisa _93926 |
| 650 | 0 | 0 |
_aEmpreses periodístiques _9311 |
| 700 | 1 |
_aPozo, Raúl del, _d1936-, _eescriptor d'un pròleg |
|
| 942 | _cMON | ||